[Event "Skopje op-B"]
[Site "Skopje"]
[Date "2023.12.08"]
[Round "3"]
[White "Atanasov, Sande"]
[Black "Gunesli, Eymen Giray"]
[Result "0-1"]
[WhiteElo "1767"]
[BlackElo "1306"]
[PlyCount "94"]
[EventDate "2023.12.06"]
[EventType "swiss"]
[EventRounds "9"]
[EventCountry "MKD"]
[SourceTitle "CB51_2023"]
[SourceDate "2023.12.20"]
[SourceVersion "1"]
[SourceVersionDate "2023.12.20"]
[SourceQuality "1"]

1. e4 e6 2. Nc3 d5 3. exd5 exd5 4. d4 Bb4 5. Qf3 Nc6 6. Bb5 Nge7 7. a3 Ba5 8. Qe3 0-0 9. Nge2 a6 10. Bd3 Bf5 11. Qf3 Bxd3 12. Qxd3 Bb6 13. Be3 Qd7 14. g4 Rae8 15. 0-0-0 Ba7 16. Ng3 f5 17. gxf5 Nxf5 18. Nxf5 Qxf5 19. Qd2 Na5 20. b3 Nc6 21. Rhg1 Bb6 22. Rg5 Qf3 23. Rdg1 Rf7 24. R5g3 Qh5 25. Qd3 Ne7 26. Ne2 Qf5 27. Qd2 Ng6 28. Rg5 Qe6 29. R5g4 Qf6 30. R1g3 Re4 31. Rg5 c6 32. Nc3 Re6 33. R5g4 Bc7 34. Rh3 Qf5 35. Qd1 h5 36. Rgg3 Bxg3 37. Rxg3 h4 38. Rg5 Qf3 39. Qg1 Nf4 40. Qe1 Ng2 41. Rxg2 Qxg2 42. Qd1 Qf3 43. Qd2 h3 44. Ne2 Qh1+ 45. Kb2 Qxh2 46. Ng3 Qg2 47. Qa5 Rxe3 0-1

[Event "Skopje op-B"]
[Site "Skopje"]
[Date "2023.12.06"]
[Round "1"]
[White "Atanasov, Sande"]
[Black "Atceken, Ismet Kagan"]
[Result "1/2-1/2"]
[WhiteElo "1767"]
[BlackElo "1192"]
[PlyCount "75"]
[EventDate "2023.12.06"]
[EventType "swiss"]
[EventRounds "9"]
[EventCountry "MKD"]
[SourceTitle "CB51_2023"]
[SourceDate "2023.12.20"]
[SourceVersion "1"]
[SourceVersionDate "2023.12.20"]
[SourceQuality "1"]

1. e4 e6 2. Nc3 d5 3. exd5 exd5 4. d4 Nc6 5. Bb5 Bb4 6. Qd3 Nge7 7. Nge2 Bf5 8. Qd2 0-0 9. a3 Ba5 10. Bd3 Bb6 11. Bb5 a6 12. Ba4 Re8 13. 0-0 Qd6 14. b4 a5 15. b5 Nd8 16. Qg5 Ne6 17. Qh4 Ng6 18. Qh5 Nxd4 19. Nxd4 Bxd4 20. Bb2 Bxc3 21. Bxc3 Nf4 22. Qxf5 Ne2+ 23. Kh1 Nxc3 24. Bb3 Qe5 25. Qd3 a4 26. f4 Qf6 27. Bxd5 Rad8 28. Bxf7+ Kxf7 29. Qc4+ Kf8 30. Qxc7 Nxb5 31. Qxb7 Nc3 32. Qf3 Rd2 33. Rae1 Rde2 34. Rxe2 Rxe2 35. h3 Rxc2 36. Re1 Rd2 37. Qh5 Qc6 38. Qg5 1/2-1/2

[Event "Skopje op"]
[Site "Skopje"]
[Date "2022.10.24"]
[Round "6"]
[White "Atanasov, Sande"]
[Black "Lazovski, Kristijan"]
[Result "0-1"]
[WhiteElo "1802"]
[BlackElo "1341"]
[PlyCount "52"]
[EventDate "2022.10.21"]
[EventType "swiss"]
[EventRounds "9"]
[EventCountry "MKD"]
[SourceTitle "EXT 2024"]
[Source "ChessBase"]
[SourceDate "2023.10.10"]
[SourceVersion "1"]
[SourceVersionDate "2023.10.10"]
[SourceQuality "1"]

1. e4 e5 2. Nc3 Nf6 3. Bc4 c6 4. d4 exd4 5. Qxd4 Qb6 6. Qe5+ Be7 7. Qg3 0-0 8. e5 Re8 9. Nge2 Nd5 10. Bxd5 cxd5 11. Nxd5 Qa5+ 12. Ndc3 Bb4 13. f4 d6 14. 0-0 dxe5 15. fxe5 Qxe5 16. Bf4 Qc5+ 17. Kh1 Nc6 18. Rad1 Be6 19. Ne4 Qf5 20. Bh6 Qg6 21. c3 Bf8 22. Qf4 Bc4 23. Nd6 Rxe2 24. Bg5 Bxd6 25. Rxd6 Re6 26. Rd7 Bxf1 0-1

[Event "Skopje op"]
[Site "Skopje"]
[Date "2022.10.23"]
[Round "4"]
[White "Atanasov, Sande"]
[Black "Tsironis, Alexandros"]
[Result "0-1"]
[WhiteElo "1802"]
[BlackElo "1996"]
[PlyCount "58"]
[EventDate "2022.10.21"]
[EventType "swiss"]
[EventRounds "9"]
[EventCountry "MKD"]
[SourceTitle "EXT 2024"]
[Source "ChessBase"]
[SourceDate "2023.10.10"]
[SourceVersion "1"]
[SourceVersionDate "2023.10.10"]
[SourceQuality "1"]

1. e4 g6 2. d4 Bg7 3. Nc3 d6 4. Be3 a6 5. Nf3 b5 6. a3 Nd7 7. Qd2 Bb7 8. Be2 Ngf6 9. d5 c6 10. dxc6 Bxc6 11. Bd3 Nc5 12. e5 Nxd3+ 13. cxd3 dxe5 14. 0-0 Bxf3 15. gxf3 0-0 16. Bh6 Bxh6 17. Qxh6 Qxd3 18. Qe3 Rfd8 19. Rfe1 Qxe3 20. Rxe3 Rd2 21. Rb1 Nd7 22. Ne4 Rd4 23. Rc1 Nb6 24. Nc5 f6 25. Ne6 Rd6 26. Nc5 Nd5 27. Re2 Nf4 28. Ree1 Rd2 29. b4 Ne2+ 0-1

[Event "FRM-ch op"]
[Site "Skopje"]
[Date "2022.05.01"]
[Round "4"]
[White "Xheladini, Valton"]
[Black "Atanasov, Sande"]
[Result "1-0"]
[WhiteElo "1455"]
[BlackElo "1832"]
[PlyCount "68"]
[EventDate "2022.04.29"]
[EventType "swiss"]
[EventRounds "9"]
[EventCountry "MKD"]
[SourceTitle "CBM 208 Extra"]
[Source "ChessBase"]
[SourceDate "2022.07.31"]
[SourceVersion "1"]
[SourceVersionDate "2022.07.31"]
[SourceQuality "1"]

1. e4 d5 2. exd5 Qxd5 3. Nf3 Nf6 4. d4 Bg4 5. Be2 Nc6 6. h3 Qh5 7. 0-0 Bxh3 8. gxh3 Qxh3 9. Ne5 h5 10. Qd3 Qxd3 11. Bxd3 Nxd4 12. Be3 Nc6 13. Bb5 a6 14. Ba4 b5 15. Nxc6 bxa4 16. Nc3 a3 17. bxa3 e6 18. Rab1 Bxa3 19. Rb8+ Rxb8 20. Nxb8 Bb4 21. Ne2 a5 22. c3 Bd6 23. Rb1 0-0 24. Nc6 a4 25. c4 Ng4 26. c5 Be5 27. Nxe5 Nxe5 28. Rb7 c6 29. Ra7 g5 30. Rxa4 f5 31. Nd4 f4 32. Bd2 Rd8 33. Bc3 Kf7 34. Ra7+ Kg6 1-0

[Event "FRM-chT2 GpA"]
[Site "Ohrid"]
[Date "2021.07.03"]
[Round "1.4"]
[White "Krstev, Emil"]
[Black "Atanasov, Sande"]
[Result "1/2-1/2"]
[WhiteElo "1955"]
[BlackElo "1829"]
[PlyCount "61"]
[EventDate "2021.07.03"]
[EventType "team-tourn"]
[EventRounds "5"]
[EventCountry "MKD"]
[SourceTitle "EXT 2022"]
[Source "ChessBase"]
[SourceDate "2021.10.06"]
[SourceVersion "1"]
[SourceVersionDate "2021.10.06"]
[SourceQuality "1"]
[WhiteTeam "Kumanovo Fisher"]
[BlackTeam "Bitola Noemvri"]
[WhiteTeamCountry "MKD"]
[BlackTeamCountry "MKD"]

1. Nf3 c6 2. b3 Nf6 3. g3 g6 4. Bb2 Bg7 5. Bg2 d6 6. d4 0-0 7. Nc3 Na6 8. Qd2 Nc7 9. a4 Bf5 10. Nh4 d5 11. Nxf5 gxf5 12. 0-0 Ne4 13. Qd3 Nxc3 14. Bxc3 e6 15. Rad1 Re8 16. Bd2 Qf6 17. Bf4 Re7 18. h4 Rd7 19. Bf3 Bh6 20. Qd2 Bxf4 21. Qxf4 Ne8 22. Kg2 Qg7 23. Rg1 Kf8 24. h5 h6 25. Kh3 Qf6 26. Qc1 Rad8 27. Qa3+ Qe7 28. Qc1 Qf6 29. Rg2 Nd6 30. Qa3 Ke8 31. g4 1/2-1/2

[Event "IBCA World Cup 8th"]
[Site "Sofia"]
[Date "2018.07.22"]
[Round "2.4"]
[White "Atanasov, Sande"]
[Black "Ross, Chris Neil"]
[Result "0-1"]
[WhiteElo "1829"]
[BlackElo "2214"]
[PlyCount "56"]
[EventDate "2018.07.21"]
[EventType "team-tourn"]
[EventRounds "7"]
[EventCountry "BUL"]
[SourceTitle "CBM 185 Extra"]
[Source "ChessBase"]
[SourceDate "2018.07.29"]
[SourceVersion "1"]
[SourceVersionDate "2018.07.29"]
[SourceQuality "1"]
[WhiteTeam "Macedonia (blind)"]
[BlackTeam "Great Britain (blind)"]
[WhiteTeamCountry "MKD"]
[BlackTeamCountry "GBR"]

1. e4 c5 2. Nf3 e6 3. c3 d5 4. e5 Nc6 5. d4 Qb6 6. a3 a5 7. Bd3 Bd7 8. dxc5 Bxc5 9. 0-0 Nge7 10. Nbd2 Ng6 11. Bxg6 hxg6 12. Nb3 Be7 13. Be3 Qc7 14. Bd4 a4 15. Nbd2 Nxd4 16. cxd4 0-0 17. Nb1 Qb6 18. Qd2 Rfc8 19. Rc1 Qb3 20. Rc3 Rxc3 21. Qxc3 Rc8 22. Qe1 Qxb2 23. Nbd2 Bxa3 24. Rb1 Rc1 25. Rxb2 Bxb2 26. Qxc1 Bxc1 27. Nb1 b5 28. Ne1 a3 0-1

[Event "IBCA World Cup 8th"]
[Site "Sofia"]
[Date "2018.07.21"]
[Round "1.1"]
[White "Atanasov, Sande"]
[Black "Mueller, Oliver"]
[Result "1/2-1/2"]
[WhiteElo "1829"]
[BlackElo "2291"]
[PlyCount "61"]
[EventDate "2018.07.21"]
[EventType "team-tourn"]
[EventRounds "7"]
[EventCountry "BUL"]
[SourceTitle "CBM 185 Extra"]
[Source "ChessBase"]
[SourceDate "2018.07.29"]
[SourceVersion "1"]
[SourceVersionDate "2018.07.29"]
[SourceQuality "1"]
[WhiteTeam "Macedonia (blind)"]
[BlackTeam "Germany (blind)"]
[WhiteTeamCountry "MKD"]
[BlackTeamCountry "GER"]

1. e4 c5 2. Nf3 Nc6 3. Bb5 d6 4. 0-0 Bd7 5. Re1 a6 6. Bc4 b5 7. Bf1 g6 8. c3 Bg7 9. d4 cxd4 10. cxd4 Bg4 11. Be3 Bxf3 12. gxf3 e5 13. d5 Nd4 14. Nd2 Rc8 15. Rc1 Ne7 16. Rxc8 Nxc8 17. Nb3 0-0 18. Nxd4 exd4 19. Bxd4 Bxd4 20. Qxd4 Qa5 21. Re3 Qd8 22. f4 Qh4 23. f5 Ne7 24. Qd2 Qg5+ 25. Kh1 Rc8 26. fxg6 Nxg6 27. Rd3 Qe5 28. f3 b4 29. Rd4 Qf6 30. Rxb4 Qxf3+ 31. Bg2 1/2-1/2

[Event "Skopje U2200 op"]
[Site "Skopje"]
[Date "2017.12.08"]
[Round "2"]
[White "Ljubisavljevic, Zivojin Z"]
[Black "Atanasov, Sande"]
[Result "1-0"]
[WhiteElo "2115"]
[BlackElo "1854"]
[PlyCount "41"]
[EventDate "2017.12.07"]
[EventType "swiss"]
[EventRounds "7"]
[EventCountry "MKD"]
[SourceTitle "CBM 182 Extra"]
[Source "ChessBase"]
[SourceDate "2018.02.23"]
[SourceVersion "1"]
[SourceVersionDate "2018.02.23"]
[SourceQuality "1"]

1. e4 d5 2. exd5 Qxd5 3. Nc3 Qa5 4. Bc4 Nf6 5. d3 Bg4 6. f3 Bd7 7. Be3 e6 8. Nge2 Bd6 9. Qd2 a6 10. Ne4 Qf5 11. Nxd6+ cxd6 12. Ng3 Qg6 13. d4 Nh5 14. Ne4 d5 15. Nd6+ Ke7 16. Bd3 f5 17. Nxb7 Nc6 18. g4 Nf6 19. gxf5 exf5 20. Rg1 Qf7 21. 0-0-0 1-0

[Event "Skopje Karposh op"]
[Site "Skopje"]
[Date "2015.03.29"]
[Round "4"]
[White "Can, Isil"]
[Black "Atanasov, Sande"]
[Result "1-0"]
[WhiteElo "1636"]
[BlackElo "1886"]
[PlyCount "59"]
[EventDate "2015.03.27"]
[EventType "swiss"]
[EventRounds "9"]
[EventCountry "MKD"]
[SourceTitle "CBM 165 Extra"]
[Source "ChessBase"]
[SourceDate "2015.04.21"]
[SourceVersion "1"]
[SourceVersionDate "2015.04.21"]
[SourceQuality "1"]

1. e4 d5 2. exd5 Qxd5 3. Nc3 Qa5 4. d4 Nf6 5. Nf3 Bg4 6. h3 Qh5 7. Be2 Nc6 8. 0-0 Bxh3 9. gxh3 Qxh3 10. Nh2 h5 11. Bf3 Ng4 12. Bf4 Nxh2 13. Bxh2 Rh6 14. Bg2 Rg6 15. Bg3 Qd7 16. Nd5 h4 17. Nxc7+ Kd8 18. Nxa8 hxg3 19. fxg3 e5 20. Bxc6 bxc6 21. dxe5 Bc5+ 22. Kg2 Bd4 23. c3 c5 24. cxd4 Qb7+ 25. Rf3 Qxb2+ 26. Rf2 Qc3 27. Qf3 Qxa1 28. Qd5+ Kc8 29. Qxc5+ Kb7 30. Rxf7+ 1-0

[Event "Skopje Karposh op"]
[Site "Skopje"]
[Date "2014.03.31"]
[Round "4"]
[White "Berisha, Enver"]
[Black "Atanasov, Sande"]
[Result "1-0"]
[WhiteElo "2236"]
[BlackElo "1897"]
[PlyCount "43"]
[EventDate "2014.03.29"]
[EventType "swiss"]
[EventRounds "9"]
[EventCountry "MKD"]
[SourceTitle "CBM 159 Extra"]
[Source "ChessBase"]
[SourceDate "2014.04.24"]
[SourceVersion "1"]
[SourceVersionDate "2014.04.24"]
[SourceQuality "1"]

1. d4 Nf6 2. c4 b6 3. Nf3 Bb7 4. e3 e6 5. Bd3 Bb4+ 6. Bd2 Qe7 7. a3 Bd6 8. 0-0 g5 9. Nxg5 Bxg2 10. Kxg2 Rg8 11. f4 h6 12. h4 Rg7 13. e4 hxg5 14. hxg5 Bxf4 15. Bxf4 Nc6 16. e5 Ng8 17. Be4 0-0-0 18. Kg3 Na5 19. Nd2 d5 20. cxd5 exd5 21. Bf5+ Kb7 22. Rc1 1-0

[Event "Skopje Karposh op"]
[Site "Skopje"]
[Date "2013.03.14"]
[Round "7"]
[White "Atanasov, Sande"]
[Black "Ipekci, Baris"]
[Result "1-0"]
[WhiteElo "1891"]
[BlackElo "1671"]
[PlyCount "89"]
[EventDate "2013.03.09"]
[EventType "swiss"]
[EventRounds "9"]
[EventCountry "MKD"]
[SourceTitle "CBM 153 Extra"]
[Source "ChessBase"]
[SourceDate "2013.04.22"]
[SourceVersion "1"]
[SourceVersionDate "2013.04.22"]
[SourceQuality "1"]

1. e4 d5 2. exd5 Qxd5 3. Nc3 Qa5 4. d4 Nf6 5. Bc4 Bf5 6. Bd2 c6 7. Nge2 e6 8. h4 h5 9. Nd5 Qd8 10. Nxf6+ gxf6 11. Ng3 Qxd4 12. Bc3 Qxc4 13. Bxf6 Nd7 14. Bxh8 Bxc2 15. Qd2 f6 16. a3 0-0-0 17. Rc1 Ne5 18. Rxc2 Rxd2 19. Rxc4 Nxc4 20. b3 Bh6 21. bxc4 f5 22. Bg7 Bf4 23. Nxh5 Rc2 24. Rh3 Bd6 25. Rc3 Ra2 26. c5 Bc7 27. Rf3 f4 28. Nxf4 e5 29. Nd3 Ba5+ 30. Nb4 Rxa3 31. Rf8+ Kd7 32. Rf7+ Kc8 33. Bxe5 Bxb4+ 34. Ke2 Bxc5 35. Rc7+ Kd8 36. f4 Rg3 37. Rxb7 Rxg2+ 38. Kf3 Rf2+ 39. Kg3 Rc2 40. h5 Bf2+ 41. Kg4 Rc1 42. Kf5 Rc5 43. Ke6 Rxe5+ 44. fxe5 Kc8 45. Rb3 1-0

[Event "FRM-ch op"]
[Site "Struga"]
[Date "2012.08.09"]
[Round "6"]
[White "Atanasov, Sande"]
[Black "Gjeorgjievski, Done"]
[Result "1/2-1/2"]
[WhiteElo "1923"]
[BlackElo "1827"]
[PlyCount "126"]
[EventDate "2012.08.04"]
[EventType "swiss"]
[EventRounds "9"]
[EventCountry "MKD"]
[SourceTitle "CBM 149 Extra"]
[Source "ChessBase"]
[SourceDate "2012.08.24"]
[SourceVersion "1"]
[SourceVersionDate "2012.08.24"]
[SourceQuality "1"]

1. e4 Nf6 2. Nc3 d5 3. f3 dxe4 4. fxe4 e5 5. Nf3 Bc5 6. h3 Nc6 7. Bb5 Bd7 8. d3 0-0 9. Bxc6 Bxc6 10. Bg5 Qe7 11. Ne2 Rad8 12. Ng3 h6 13. Bh4 Bd7 14. Rf1 Qe6 15. Nf5 Qb6 16. Nxe5 Bxf5 17. Rxf5 Qxb2 18. Bxf6 gxf6 19. Ng4 Bd4 20. Nxh6+ Kg7 21. Qg4+ Kh7 22. Rd1 Be3 23. Rh5 Bxh6 24. Qh4 Qc3+ 25. Kf1 Rg8 26. Rxh6+ Kg7 27. Kg1 Qc5+ 28. d4 Qg5 29. Rh7+ Kg6 30. Rd3 Qxh4 31. Rxh4 f5 32. Rg3+ Kf6 33. e5+ Ke6 34. Rxg8 Rxg8 35. c4 c5 36. Kf2 cxd4 37. Rxd4 Rc8 38. a3 Rc7 39. Ke3 Kxe5 40. Rd5+ Ke6 41. Kd4 f6 42. Kc3 Rg7 43. Rd2 Rg3+ 44. Kb4 f4 45. a4 f3 46. gxf3 Rxh3 47. Rd3 Rh5 48. c5 Rd5 49. Re3+ Kd7 50. Kc4 Rf5 51. Kb4 Rf4+ 52. Kb5 Rf5 53. Rd3+ Kc7 54. Re3 a6+ 55. Kc4 Rf4+ 56. Kd5 Rxa4 57. Re7+ Kc8 58. c6 bxc6+ 59. Kxc6 Kd8 60. Ra7 f5 61. Kd6 Kc8 62. Kc5 f4 63. Rf7 a5 1/2-1/2

[Event "FRM-ch op"]
[Site "Struga"]
[Date "2012.08.06"]
[Round "3"]
[White "Atanasov, Sande"]
[Black "Lakinska, Simona"]
[Result "1/2-1/2"]
[WhiteElo "1923"]
[BlackElo "1655"]
[PlyCount "97"]
[EventDate "2012.08.04"]
[EventType "swiss"]
[EventRounds "9"]
[EventCountry "MKD"]
[SourceTitle "CBM 149 Extra"]
[Source "ChessBase"]
[SourceDate "2012.08.24"]
[SourceVersion "1"]
[SourceVersionDate "2012.08.24"]
[SourceQuality "1"]

1. e4 e5 2. Nc3 Nf6 3. Bc4 Nc6 4. a3 Bc5 5. h3 d6 6. d3 h6 7. f4 Bd7 8. Nf3 Qe7 9. f5 Nd4 10. Bd2 a6 11. g4 0-0-0 12. b4 Nxf3+ 13. Qxf3 Bd4 14. Rb1 Bxc3 15. Bxc3 Ba4 16. Rb2 Nd7 17. Qf2 Nb6 18. Ba2 Kb8 19. Bd2 d5 20. 0-0 dxe4 21. dxe4 Bb5 22. Rc1 Nc4 23. Bxc4 Bxc4 24. a4 Qd7 25. Bc3 f6 26. Qc5 Qc6 27. Qxc6 bxc6 28. Rbb1 Kc8 29. Kf2 Rd7 30. Rd1 Rhd8 31. Rg1 Ba2 32. Ra1 Bf7 33. Rgb1 Bc4 34. Ke3 Rd6 35. h4 Rh8 36. Rh1 Rdd8 37. Rag1 Ba2 38. g5 hxg5 39. hxg5 Bf7 40. Rd1 Bc4 41. Rxd8+ Rxd8 42. gxf6 gxf6 43. Rh6 Rf8 44. Be1 Kd7 45. Bh4 Ke7 46. Kd2 Bf1 47. Bf2 Rf7 48. Bc5+ Kd7 49. Bf2 1/2-1/2

[Event "Skopje op 19th"]
[Site "Skopje"]
[Date "2011.10.28"]
[Round "5"]
[White "Karatrajkov, Nikola"]
[Black "Atanasov, Sande"]
[Result "1/2-1/2"]
[WhiteElo "1763"]
[BlackElo "1962"]
[PlyCount "47"]
[EventDate "2011.10.24"]
[EventType "swiss"]
[EventRounds "9"]
[EventCountry "MKD"]
[SourceTitle "EXT 2012"]
[Source "ChessBase"]
[SourceDate "2011.11.24"]
[SourceVersion "1"]
[SourceVersionDate "2011.11.24"]
[SourceQuality "1"]

1. e4 d5 2. e5 d4 3. c3 Nc6 4. Bb5 Bd7 5. Nf3 Nxe5 6. Bxd7+ Nxd7 7. Nxd4 e5 8. Qe2 Qg5 9. Nf3 Qh5 10. d4 f6 11. dxe5 fxe5 12. Nd4 Qg6 13. Nf3 0-0-0 14. 0-0 Bd6 15. Nbd2 Re8 16. Qe4 Qh5 17. Nc4 Bc5 18. Be3 Ngf6 19. Qh4 Qf5 20. Bxc5 Nxc5 21. Ne3 Qg6 22. Qg3 Qh5 23. Qh4 Qg6 24. Qg3 1/2-1/2

[Event "Skopje op 19th"]
[Site "Skopje"]
[Date "2011.10.27"]
[Round "4"]
[White "Atanasov, Sande"]
[Black "Lazov, Toni"]
[Result "0-1"]
[WhiteElo "1962"]
[BlackElo "1739"]
[PlyCount "160"]
[EventDate "2011.10.24"]
[EventType "swiss"]
[EventRounds "9"]
[EventCountry "MKD"]
[SourceTitle "EXT 2012"]
[Source "ChessBase"]
[SourceDate "2011.11.24"]
[SourceVersion "1"]
[SourceVersionDate "2011.11.24"]
[SourceQuality "1"]

1. e4 c5 2. Nc3 d6 3. h4 Nf6 4. f4 a6 5. Nf3 b5 6. d3 Bb7 7. Ng5 Nbd7 8. g4 h6 9. Nh3 d5 10. g5 hxg5 11. hxg5 Nh5 12. Qg4 dxe4 13. g6 Ndf6 14. gxf7+ Kxf7 15. Ng5+ Ke8 16. Qg2 Qb6 17. Ncxe4 Nd5 18. Qf2 c4 19. d4 Ndf6 20. Nxf6+ gxf6 21. Nf3 Qe6+ 22. Be3 Qe4 23. Rh3 Bg7 24. Ng1 f5 25. 0-0-0 Nf6 26. Rg3 Ng4 27. Qd2 Rh2 28. Ne2 c3 29. Qxc3 Rc8 30. Qd3 Qxd3 31. Rxd3 Be4 32. Rc3 Rxc3 33. bxc3 Nxe3 34. Rxe3 Rf2 35. Bh3 Bh6 36. Kb2 Bxf4 37. Nxf4 Rxf4 38. Re2 Rh4 39. Bf1 Kd7 40. Kb3 Bd5+ 41. Kb2 Rh1 42. Rf2 e6 43. a4 Kc6 44. Ka3 Rh8 45. axb5+ axb5 46. Kb4 Rb8 47. Bd3 Be4 48. Bf1 Bd5 49. Rf4 Ba2 50. Rh4 Kd5 51. Bg2+ Kd6 52. Rh1 Bc4 53. Bf1 Kd5 54. Bg2+ Kd6 55. Rh7 Rg8 56. Rh2 Rg7 57. Ka5 Ra7+ 58. Kb6 Ra3 59. Rh3 Ra2 60. Rh7 Rxc2 61. Bc6 e5 62. Rh6+ Ke7 63. Bxb5 Rb2 64. Kc5 Bxb5 65. c4 exd4 66. cxb5 d3 67. Rh1 d2 68. Rd1 Ke6 69. b6 Ke5 70. b7 Rxb7 71. Rxd2 Rc7+ 72. Kb4 Ke4 73. Rd8 f4 74. Re8+ Kf3 75. Rg8 Ke2 76. Re8+ Kf2 77. Re6 f3 78. Kb3 Kg1 79. Rg6+ Kf1 80. Rf6 f2 0-1

[Event "Skopje Karposh op"]
[Site "Skopje"]
[Date "2011.04.08"]
[Round "8"]
[White "Tairi, Krenar"]
[Black "Atanasov, Sande"]
[Result "1/2-1/2"]
[WhiteElo "1690"]
[BlackElo "1985"]
[PlyCount "129"]
[EventDate "2011.04.02"]
[EventType "swiss"]
[EventRounds "9"]
[EventCountry "MKD"]
[SourceTitle "CBM 141 Extra"]
[Source "ChessBase"]
[SourceDate "2011.05.03"]
[SourceVersion "1"]
[SourceVersionDate "2011.05.03"]
[SourceQuality "1"]

1. d4 Nf6 2. c4 d5 3. Nc3 Bf5 4. e3 e6 5. Nf3 c6 6. Be2 Nbd7 7. 0-0 Bd6 8. a3 Ng4 9. h3 h5 10. c5 Bc7 11. Bd3 Bxd3 12. Qxd3 f5 13. Re1 Nh6 14. b4 g5 15. e4 dxe4 16. Nxe4 fxe4 17. Qxe4 Nf8 18. Nxg5 Qd5 19. Nxe6 Qxe4 20. Nxc7+ Kd7 21. Rxe4 Kxc7 22. Re7+ Nd7 23. Bf4+ Kd8 24. Rae1 Nf5 25. Rf7 Rf8 26. Bg5+ Kc7 27. Bf4+ Kd8 28. Rxf8+ Nxf8 29. Re5 Nxd4 30. Bg5+ Kc7 31. Re7+ Nd7 32. Bf4+ Kd8 33. Bg5 Kc7 34. Bf4+ Kd8 35. Rh7 Ne6 36. Bd6 Nef8 37. Rxh5 a5 38. Rf5 Ke8 39. h4 axb4 40. axb4 Ra4 41. Rf4 Ne6 42. Re4 Kf7 43. f3 Nf6 44. Rc4 Nd5 45. g4 Rxb4 46. Rxb4 Nxb4 47. h5 Nd3 48. Kg2 Ndxc5 49. f4 b5 50. f5 Nd3 51. fxe6+ Kxe6 52. Bf8 b4 53. Kf3 b3 54. Ba3 b2 55. Bxb2 Nxb2 56. Ke4 Nc4 57. g5 Ne5 58. g6 Nd7 59. h6 Kf6 60. h7 Kg7 61. Kd4 Kh8 62. Kc4 Ne5+ 63. Kc5 Kg7 64. Kd6 Kxg6 65. h8B 1/2-1/2

[Event "IBCA Wch blind 12th"]
[Site "Belgrade"]
[Date "2010.09.02"]
[Round "7.15"]
[White "Trkaljanov, Vladimir"]
[Black "Atanasov, Sande"]
[Result "1-0"]
[WhiteElo "2227"]
[BlackElo "1986"]
[PlyCount "47"]
[EventDate "2010.08.26"]
[EventType "swiss"]
[EventRounds "9"]
[EventCountry "SRB"]
[SourceTitle "EXT 2011"]
[Source "ChessBase"]
[SourceDate "2010.11.26"]
[SourceVersion "1"]
[SourceVersionDate "2010.11.26"]
[SourceQuality "1"]

1. e4 c6 2. d4 d5 3. e5 Bf5 4. Nc3 e6 5. g4 Bg6 6. Nge2 c5 7. h4 h6 8. Be3 c4 9. Bg2 f6 10. Nf4 Bf7 11. Bxd5 exd5 12. e6 Bb4 13. exf7+ Kxf7 14. Qf3 Ne7 15. 0-0-0 Bxc3 16. bxc3 Nbc6 17. g5 hxg5 18. hxg5 Qd6 19. Rdg1 Rxh1 20. Qxh1 Rg8 21. gxf6 gxf6 22. Qh7+ Kf8 23. Rxg8+ Nxg8 24. Ng6+ 1-0

[Event "IBCA Wch blind 12th"]
[Site "Belgrade"]
[Date "2010.08.28"]
[Round "3.22"]
[White "Zsiltzova Lisenko, Lubov"]
[Black "Atanasov, Sande"]
[Result "1-0"]
[WhiteElo "2282"]
[BlackElo "1986"]
[PlyCount "77"]
[EventDate "2010.08.26"]
[EventType "swiss"]
[EventRounds "9"]
[EventCountry "SRB"]
[SourceTitle "EXT 2011"]
[Source "ChessBase"]
[SourceDate "2010.11.26"]
[SourceVersion "1"]
[SourceVersionDate "2010.11.26"]
[SourceQuality "1"]

1. e4 d6 2. d4 Nf6 3. Nc3 g6 4. f4 Bg7 5. Nf3 0-0 6. Bd3 c5 7. dxc5 dxc5 8. 0-0 Nc6 9. Kh1 Bg4 10. h3 Bxf3 11. Qxf3 Nd4 12. Qf2 b6 13. e5 Nd5 14. Be4 e6 15. Nd1 Rc8 16. c3 Nf5 17. g4 Nfe7 18. c4 Nb4 19. Be3 Nbc6 20. Nc3 Rc7 21. Rad1 Rd7 22. Rxd7 Qxd7 23. Rd1 Qc8 24. Rd6 f6 25. Qg2 Na5 26. exf6 Bxf6 27. Qe2 Nb7 28. Rd3 Na5 29. b3 Nac6 30. Nb5 a6 31. Nd6 Qc7 32. Bg2 Nd4 33. Bxd4 Bxd4 34. Qxe6+ Kg7 35. f5 Qd8 36. Rxd4 cxd4 37. Qe5+ Kg8 38. f6 Nf5 39. Qd5+ 1-0